LEADER 01223cas0 2200301 450 001 E600200046906 005 20190206092842.0 011 $a20387229 100 $a20090312b20052012|||||ita|0103 ba 101 $amul 102 $aIT 110 $aa 200 1 $aSiti$etrimestrale di attualitą e politica culturale dell'Associazione cittą italiane patrimonio mondiale UNESCO 207 1$aA.1, n. 1 (2005)-a. 6, n. 1 (2010) ; n.s., a. 1, n. 1 (2010)-a. 3, n. 11 (2012) 210 $aFerrara$cAssociazione Cittą italiane patrimonio mondiale UNESCO 215 $av.$cill.$d24 cm 300 $aL'ente diventa: Associazione cittą e siti italiani patrimonio mondiale UNESCO 300 $aVariano luogo di pubblicazione (Assisi), editore (Comune di Assisi), e formato (30 cm) 712 02$a*Associazione *cittą *italiane *patrimonio mondiale UNESCO$3SOBA00010922$4070 801 0$aIT$bUNISOB$c20190206$gRICA 850 $aUNISOB 852 $aUNISOB$jIt$m142822 912 $aE600200046906 940 $aS 120 Periodico SBN 941 $aS 957 $aIt$b000439$gCON$d142822$rdono$uCessato$1carrano$2UNISOB$3UNISOB$420090312125805.0$520190206092842.0$6catenaccif 996 $aSiti$9823855 997 $aUNISOB